Największa gmina w każdym województwie - Statystyki

Ogólne statystyki
  • Ten quiz został rozwiązany 651 razy
  • Średni wynik to 4 z 16
Statystyki odpowiedzi
Powierzchnia km² Województwo Gmina % Poprawnych
517 mazowieckie Warszawa
86%
327 małopolskie Kraków
62%
293 łódzkie Łódź
52%
634 warmińsko-mazurskie Pisz
29%
479 podkarpackie Ustrzyki Dolne
23%
189 śląskie Dąbrowa Górnicza
21%
575 zachodniopomorskie Wałcz (gmina wiejska)
17%
325 lubelskie Biała Podlaska (gmina wiejska)
16%
430 podlaskie Bielsk Podlaski (gmina wiejska)
14%
294 opolskie Głubczyce
12%
466 pomorskie Miastko
12%
437 dolnośląskie Osiecznica
12%
400 lubuskie Drezdenko
10%
412 kujawsko-pomorskie Koronowo
10%
430 wielkopolskie Wieleń
10%
255 świętokrzyskie Włoszczowa
10%
Nie znaleziono quizów pasujących do podanych kryteriów
Rozkład punktacji
Procent ludzi z każdym wynikiem
Percentyl według liczby udzielonych odpowiedzi
Twoja historia wyników
Nie rozwiązałeś tego quizu